000 00678nam a2200205Ii 4500
003 JO-AjNU
008 230605s9999||||xx |||||||||||||| ||und||
017 _a2012/5/1798
040 _aJO-AjNU
_bara
_erda
_cJO-AjNU
041 _aara
050 1 4 _aHQ772 2012
100 3 _aتأليف البسطامي، رنا محمود,
_eauthor
_950349
245 0 0 _aدليلك كيف تتعامل مع طفلك؟
264 3 1 _aعمان: المؤلف، 2012
300 _a88ص
_bيحتوي ببلوغرافية من ص 84-88ص
336 _atext
_btxt
_2rdacontent
337 _aunmediated
_bn
_2rdamedia
338 _avolume
_bnc
_2rdacarrier
650 4 _aالطفل - رعاية
_950350
999 _aA22173
_c25741
_d25741